000 00593nam a2200229Ia 4500
001 12205
003 GE_BSU
008 181216s||||||||xx |||||||||||||| ||und||
020 _a9785389046603
040 _cGE_BSU
080 _a821.161.1-3
100 _aПлатонов,Андрей
245 _aЧевенгур. Роман
245 _cПредисл. Светланы Семеновой
260 _aСПБ
260 _bАзбука-Аттикус
260 _c2012
300 _a480стр.18см.
541 _h15Л.
653 _aЧевенгур. Роман
942 _cBK
999 _c45381
_d45381